The Role of Country Concentration in the International Portfolio Investment Positions for the European Union Members /

This paper examines the international portfolio flows of European Union. Our analysis includes three dimensions: (1) the level of countries portfolio investment concentration (those who invest evenly among counterparties versus those who invest more heavily in some counterparties); (2) the share of...

সম্পূর্ণ বিবরণ

গ্রন্থ-পঞ্জীর বিবরন
প্রধান লেখক: Brushko, Iuliia
অন্যান্য লেখক: Hashimoto, Yuko
বিন্যাস: পত্রিকা
ভাষা:English
প্রকাশিত: Washington, D.C. : International Monetary Fund, 2014.
মালা:IMF Working Papers; Working Paper ; No. 2014/074
অনলাইন ব্যবহার করুন:Full text available on IMF
LEADER 01859cas a2200253 a 4500
001 AALejournalIMF014365
008 230101c9999 xx r poo 0 0eng d
020 |c 5.00 USD 
020 |z 9781475543759 
022 |a 1018-5941 
040 |a BD-DhAAL  |c BD-DhAAL 
100 1 |a Brushko, Iuliia. 
245 1 4 |a The Role of Country Concentration in the International Portfolio Investment Positions for the European Union Members /  |c Iuliia Brushko, Yuko Hashimoto. 
264 1 |a Washington, D.C. :  |b International Monetary Fund,  |c 2014. 
300 |a 1 online resource (43 pages) 
490 1 |a IMF Working Papers 
500 |a <strong>Off-Campus Access:</strong> No User ID or Password Required 
500 |a <strong>On-Campus Access:</strong> No User ID or Password Required 
506 |a Electronic access restricted to authorized BRAC University faculty, staff and students 
520 3 |a This paper examines the international portfolio flows of European Union. Our analysis includes three dimensions: (1) the level of countries portfolio investment concentration (those who invest evenly among counterparties versus those who invest more heavily in some counterparties); (2) the share of total portfolio investment assets invested at the destination; and (3) pre- and during the crisis periods. We find that portfolio investment positions respond differently to macroeconomic variables depending on the level of investment concentration and the share of invested assets. In particular, variables of health of the financial system become important determinants for portfolio investment during the crisis. 
538 |a Mode of access: Internet 
700 1 |a Hashimoto, Yuko. 
830 0 |a IMF Working Papers; Working Paper ;  |v No. 2014/074 
856 4 0 |z Full text available on IMF  |u http://elibrary.imf.org/view/journals/001/2014/074/001.2014.issue-074-en.xml  |z IMF e-Library